000 00198nmm a2200085Ia 4500
008 150209s2015||||xx |||||||||||||||||und||
100 _aBHATIA, P
245 _aSTEP BY STEP EDNOSUTRUING
942 _2ddc
_cCD
999 _c5921
_d5921